Score 0/21 Timer 03:00
5 Plays Today
Hint 4-Letter Word/Name % Correct
A set of 52 playing cardsDECK
96.8%
To plunge headfirst into a pool or lakeDIVE
96.2%
First name of Clark and Van DykeDICK
96%
It's been said all you need is thisLOVE
95.8%
You roll a pair of these in crapsDICE
95%
The winged symbol of peaceDOVE
94.4%
Allegedly, Timberlake is bringing sexy hereBACK
91.4%
Songs: 'I Alone', 'Lightning Crashes', 'All Over You'*LIVE*
90.6%
Songs: 'Where It's At', 'Loser', 'The New Pollution'*BECK*
88.3%
Tart to the taste, like a lemonSOUR
88.2%
Ingredient in beer OR bounces alongHOPS
86.1%
Hint 4-Letter Word/Name % Correct
Optimism towards positive future eventsHOPE
84%
To mete out OR a produce/fruit companyDOLE
82.8%
Chef serving under the head chefSOUS
82%
Song: 'Celebrity Skin', Courtney Love's band*HOLE*
79.7%
Lounge and take in the sunshineBASK
79.4%
Soaks up liquid, as with a piece of breadSOPS
78.9%
To club over the head OR a large partyBASH
77%
Slanderous comment or remarkSLUR
60.7%
Song: 'Machinehead', Frontman: Gavin Rossdale*BUSH*
56%
Song: 'Song 2', Frontman: Damon Albarn*BLUR*
55.4%

Today's Daily Dose

Missing Word
'T' Pairs

Word Ladder
Game Pieces

Get the Picture
Baseball Movies

Remove Ads.
Support Sporcle.
Get the best of Sporcle when you Go Orange. This ad-free experience offers more features, more stats, and more fun while also helping to support Sporcle. Thank you for becoming a member.

You're not logged in!

Compare scores with friends on all Sporcle quizzes.
OR
Log In

Show Comments

Extras

Top Quizzes Today


Score Distribution

Your Account Isn't Verified!

In order to create a playlist on Sporcle, you need to verify the email address you used during registration. Go to your Sporcle Settings to finish the process.

Report this User

Report this user for behavior that violates our Community Guidelines.

Details: